V Conferencia General del Episcopado Ltinoamericano y del Caribe: documento conclusivo Aparecida

Saved in:
Bibliografiske detaljer
Main Authors: Consejo Episcopal Latinoamericano (CELAM) (autor), CELAM (Author)
Format: Bog
Sprog:spansk
Udgivet: Bogotá CELAM 2010
Udgivelse:4a. ed
Fag:
Tags: Tilføj Tag
Ingen Tags, Vær først til at tagge denne postø!

MARC

LEADER 00000cam a2200000 a 4500
001 UCC6481
003 CL-VaPUC
008 181213e20100000ck |||||||||||||||||spa|d
020 |a 9789586256537 
082 0 4 |a 261.1  |b CON  |2 21 
100 |a Consejo Episcopal Latinoamericano (CELAM)   |e autor  |9 600944 
700 0 |a CELAM  |e author  |9 600945 
245 1 0 |a V Conferencia General del Episcopado Ltinoamericano y del Caribe: documento conclusivo Aparecida 
250 |a 4a. ed 
300 |a 311 p 
942 |c BK 
945 |d 20181213 14:55:00  |a dcastane 
260 |a Bogotá  |b CELAM  |c 2010 
650 7 |a IGLESIA Y SOCIEDAD  |2 CL-VaPUC  |9 399674 
650 0 |a Teología social  |9 326726 
583 |a last modification  |c 20181213 14:55:00  |k Rodrigo Vera 
999 |c 373422  |d 373420 
952 |0 0  |1 0  |3 erb  |4 0  |6 261_100000000000000_CON_2010  |7 0  |8 A  |9 491523  |a BIBTEO  |b BIBTEO  |e Precht Pizarro, Jorge Enrique  |i 5521386  |o 261.1 CON 2010  |p 5521386  |r 2025-01-17  |w 2019-11-24  |y BK  |z Catalogado en:20181213  |k ICR